| 000 | 00775nam a22002297a 4500 | ||
|---|---|---|---|
| 003 | OSt | ||
| 005 | 20251120140810.0 | ||
| 008 | 251120b |||||||| |||| 00| 0 eng d | ||
| 020 | _a0-17-605622-X | ||
| 040 |
_aDWC-Main lib _cOC |
||
| 082 | _aCirc. 305.2609 N935a 1997 | ||
| 100 | _aNovak, M. | ||
| 245 |
_aAging and society : _ba Canadian perspective _cNovak, Mark |
||
| 260 |
_aOntario, Canada : _b ITP Nelson, . _cc1997 |
||
| 300 |
_aviii, 412 pages : _c 25 cm. |
||
| 504 | _aIncludes bibliographical references and index | ||
| 650 | _2Aged- Canada | ||
| 650 | _2Aged- Canda-Social conditions | ||
| 650 | _2Aging-Canada | ||
| 650 | _2Gerontology-Canada | ||
| 942 |
_2ddc _cBK-CIRC _e3rd edition _hCirc. 305.2609 N935a 1997 _kCirc. _n0 |
||
| 999 |
_c5889 _d5889 |
||